Died in Their 40s - Sudden Death - Statistics

General Stats
  • This quiz has been taken 64 times
  • The average score is 4 of 15
Answers on the Grid
Answers color-coded by a green-red scale on the quiz's grid according to % correct below.
Freddie Mercury
Christopher Columbus
Kobe Bryant
Judy Garland
Virginia Woolf
Stonewall Jackson
John F. Kennedy
Al Capone
George Harrison
Antonio Vivaldi
Elvis Presley
Niccolò Machiavelli
Rocky Marciano
Sun Yat-sen
Alan Turing
Édith Piaf
Chadwick Boseman
George Michael
Nero
James Gandolfini
Tom Petty
Michael Jackson
George Orwell
Marvin Gaye
Patrick Swayze
Whitney Houston
James Baldwin
Nat King Cole
Marie Antoinette
Oscar Wilde
 
Answer Stats
Answer % Correct
Freddie Mercury
64%
Kobe Bryant
59%
John F. Kennedy
57%
Elvis Presley
36%
Marvin Gaye
27%
Judy Garland
20%
Al Capone
18%
Whitney Houston
18%
Édith Piaf
14%
Chadwick Boseman
11%
Alan Turing
9%
Rocky Marciano
9%
George Orwell
7%
Nat King Cole
5%
Oscar Wilde
5%
No matching quizzes found
Score Distribution
Percent of People with Each Score
Percentile by Number Answered
Your Score History
You have not taken this quiz